• 首页
  • 本馆介绍
  • 公告通知
  • 最新文献
  • 馆藏检索
  • 电子资源
  • 读者导购
  • 参考咨询
  • 我的图书馆
  • 登录
  • 详细信息显示
  • 放入我的书架
  • 预约/预借图书
  • 作者相关作品
  • 分类相关作品
  • 丛书相关作品
  • 出版社相关作品

书目信息

  • 表格格式
  • 工作单格式
  • 卡片格式
题名:
神效刮痧
    
 
作者: 拉伊夫 著
分册:  
出版信息: 青岛   青岛出版社  2015
页数: 57页
开本: 26cm
丛书名:
单 册:
中图分类: R244.4
科图分类:
主题词: 刮搓疗法--基本知识
电子资源:
ISBN: 978-7-5552-1779-4
000 01036nam0 2200253 450
001 012015000196
005 20151130093254.85
010    @a978-7-5552-1779-4@dCNY28.00
100    @a20150712d2015 em y0chiy50 ea
101 0  @achi
102    @aCN@b370000
105    @aa z 000yy
106    @ar
200 1  @a神效刮痧@Ashen xiao gua sha@e简易祛病健美法@f尤妮克·拉伊夫著
210    @a青岛@c青岛出版社@d2015
215    @a57页@c彩图@d26cm
305    @a由时报文化出版公司授权出版
330    @a本书介绍了32种对症刮痧法,可以缓解夏日中暑、感冒、腹泻、胃痛、腰酸背痛、脚部疼痛等不适症状。书中有“自刮不求人”的单元,通过按揉刮拭手部反射区的穴道,每位需要自己刮痧的读者都能快速缓解不适。再配合心形牛角刮痧板一起照书刮,不但能找到重点,刺激到位,还能增加刮痧的舒适感,将自我、全家或办公室刮痧急救保健的效果彻底发挥。
517 1  @a简易祛病健美法@Ajian yi qu bing jian mei fa
606 0  @a刮搓疗法@x基本知识
690    @aR244.4@v5
701  0 @a拉伊夫@Ala yi fu@4著
801  0 @aCN@b碧洲教育@c20151127
905    @a10447@f4@dR244.4@e349
    
    神效刮痧:简易祛病健美法/尤妮克·拉伊夫著.-青岛:青岛出版社,2015
    57页:彩图;26cm
    
    
    ISBN 978-7-5552-1779-4:CNY28.00
    本书介绍了32种对症刮痧法,可以缓解夏日中暑、感冒、腹泻、胃痛、腰酸背痛、脚部疼痛等不适症状。书中有“自刮不求人”的单元,通过按揉刮拭手部反射区的穴道,每位需要自己刮痧的读者都能快速缓解不适。再配合心形牛角刮痧板一起照书刮,不但能找到重点,刺激到位,还能增加刮痧的舒适感,将自我、全家或办公室刮痧急救保健的效果彻底发挥。
●
相关链接 在E读中查询图书 在五车中查询图书 在当当中查询图书 在豆瓣中查询图书


正题名:神效刮痧     索取号:R244.4/349         预约/预借

序号 登录号 条形码 馆藏地/架位号 状态 备注
1 0871357   208713579   第二样本阅览室/ [索取号:R244.4/349] 在馆    
2 0871358   208713588   第三借阅区/ [索取号:R244.4/349] 在馆    
3 0871359   208713597   第三借阅区/ [索取号:R244.4/349] 在馆    
4 0871360   208713604   第三借阅区/ [索取号:R244.4/349] 在馆    
唐山师范学院图书馆 欢迎您!
大连网信软件有限公司© 版权所有